100 Biggest Cities in the Philippines - Statistics

General Stats
  • This quiz has been taken 576 times
  • The average score is 39 of 100
Answer Stats
Rank Population Answer % Correct
2 1,846,513 Manila
98%
1 2,960,048 Quezon City
90%
6 964,169 Cebu
89%
3 1,776,949 Davao
89%
25 457,626 Iloilo
66%
10 728,402 Cagayan de Oro
65%
4 1,661,584 Caloocan
65%
5 977,234 Zamboanga
65%
24 462,928 Angeles
64%
36 366,358 Baguio
63%
13 697,315 General Santos
62%
19 600,783 Bacolod
61%
17 629,616 Makati
58%
8 886,722 Taguig
58%
41 351,437 Batangas
57%
9 803,159 Pasig
57%
7 887,399 Antipolo
55%
45 307,079 Puerto Princesa
54%
40 354,666 San Fernando
53%
28 440,656 Pasay
52%
11 714,978 Valenzuela
52%
84 150,917 San Jose
51%
16 651,813 San Jose del Monte
51%
26 456,059 Marikina
49%
14 689,992 Parañaque
49%
53 251,881 Tacloban
49%
18 606,293 Las Piñas
48%
64 209,170 Naga
48%
97 133,184 Naga
48%
32 385,398 Tarlac City
47%
29 425,758 Mandaluyong
46%
76 179,292 Roxas
45%
12 703,141 Dasmariñas
43%
96 134,103 Dumaguete
43%
61 209,533 Legazpi
43%
20 543,445 Muntinlupa
43%
44 325,079 Cotabato City
42%
79 166,334 Tuguegarao
42%
15 664,625 Bacoor
41%
35 372,910 Butuan
41%
54 247,543 Navotas
41%
21 539,671 Calamba
40%
22 497,604 Lapu-Lapu City
40%
33 380,522 Malabon
40%
52 260,317 Olongapo
40%
77 174,302 Dagupan
39%
38 363,115 Iligan
39%
23 496,794 Imus
39%
34 372,931 Lipa
38%
49 278,924 Lucena
38%
75 182,237 Sorsogon City
37%
78 171,107 Surigao City
37%
37 364,116 Mandaue
36%
30 414,812 Santa Rosa
36%
46 296,202 Tagum
35%
42 327,325 Cabanatuan
34%
66 207,010 Marawi
34%
31 407,437 Biñan
33%
60 210,452 Pagadian
33%
48 285,348 San Pablo
33%
43 326,001 San Pedro
33%
55 230,998 Ormoc
32%
100 130,379 Isabela
31%
51 261,189 Malolos
31%
86 148,580 Santiago
31%
50 263,048 Talisay
30%
58 216,546 Valencia
30%
74 186,960 Calbayog
29%
93 138,141 Dipolog
29%
27 450,583 General Trias
29%
73 188,376 Digos
28%
69 195,398 Koronadal
27%
72 190,712 Malaybalay
27%
57 218,500 Santo Tomas
26%
82 158,218 Ilagan
25%
67 205,424 San Carlos
25%
98 132,650 San Carlos
25%
39 355,330 Cabuyao
24%
88 145,786 Calapan
24%
80 160,791 Kidapawan
24%
87 147,547 Mati
24%
56 225,673 Meycauayan
24%
59 210,503 Trece Martires
24%
81 158,544 Cadiz
23%
95 136,453 Carcar
23%
68 200,198 Kabankalan
23%
47 293,244 Mabalacat
23%
65 207,314 Toledo
22%
89 144,577 Urdaneta
22%
92 140,334 Ozamiz
20%
70 193,936 Tanauan
20%
71 191,210 Bago
19%
83 156,321 Danao
19%
90 143,403 Cauayan
18%
99 130,478 Silay
18%
63 209,230 Panabo
17%
91 140,961 Tabaco
17%
62 209,230 Samal
15%
94 136,698 Gingoog
14%
85 148,894 Sagay
14%
No matching quizzes found
Score Distribution
Percent of People with Each Score
Percentile by Number Answered
Your Score History
You have not taken this quiz